The two kinds of life. (Record no. 14188)

000 -LEADER
fixed length control field 00729nam a2200193 a 4500
001 - CONTROL NUMBER
control field :::00012013$&:&@@
003 - CONTROL NUMBER IDENTIFIER
control field OkBaRHE
005 - DATE AND TIME OF LATEST TRANSACTION
control field 20000607103415.0
008 - FIXED-LENGTH DATA ELEMENTS--GENERAL INFORMATION
fixed length control field s1971 j 000 0 eng u
040 ## - CATALOGING SOURCE
Transcribing agency
100 1# - MAIN ENTRY--PERSONAL NAME
Personal name Kenyon, Essek William, 1887-1948.
245 14 - TITLE STATEMENT
Title The two kinds of life.
260 ## - PUBLICATION, DISTRIBUTION, ETC. (IMPRINT)
Place of publication, distribution, etc Lynnwood, WA., :
Name of publisher, distributor, etc Kenyon's Gospel Publishing Society
Date of publication, distribution, etc c1971
300 ## - PHYSICAL DESCRIPTION
Extent 151 p. ;
Dimensions 21 cm.
650 ## - SUBJECT ADDED ENTRY--TOPICAL TERM
Topical term or geographic name as entry element Christian Life
942 ## - ADDED ENTRY ELEMENTS (KOHA)
Source of classification or shelving scheme
Koha item type Books
Copies
Date last seen Not for loan Koha item type Price effective from Permanent Location Full call number Barcode Date acquired Total Checkouts Withdrawn status Source of classification or shelving scheme Lost status Shelving location Damaged status Current Location Copy number Date checked out Total Renewals
2014-03-31 Books2010-04-14RHEMA Bible Training CollegeBX 8764 .Z6K4T83120132010-04-142   General Stacks RHEMA Bible Training College12014-02-242
2010-05-04 Books2010-04-14RHEMA Bible Training CollegeBX 8764 .Z6K4T83149292010-04-141   General Stacks RHEMA Bible Training College22010-04-221